000 00952cam a22002897a 4500
003 CHAP
005 20220817041013.0
008 971013s1990 r 00010 d
010 _a4384
011 _a5356
035 _a4563
040 _cCHAP
090 _aFolleto 12625 v.19
110 _aVeracruz. Gobierno del Estado. Programa Estatal de Solidaridad
_9118823
245 0 _aCartilla de apoyo a la producción
_b: fertilización
260 _aVeracruz, Ver. :
_bGobierno del Estado de Veracruz,
_c1990
300 _a12 p.
_b: ilus.
590 _aBATCH-UPD
_b10
_c20130110
_lUCH01
_h1203
590 _aBATCH-UPD
_b10
_c20130410
_lUCH01
_h0745
590 _aBATCH-UPD
_b10
_c20130914
_lUCH01
_h1401
590 _aCONVERSION
_b10
_c20130109
_lUCH01
_h1304
650 1 4 _aFertilizantes
_xAplicación.
_940450
650 1 4 _aFertilizantes
_xEfecto en plantas.
901 _aBK
942 _cFOLL
949 _aFolleto 12625 v.19
_bBC
_cFOLL
_d-14110
_eTS1
_i4563
_si
999 _c4384
_d4384